[Event "EU-ch Online U14 Girls"]
[Site "Tornelo INT"]
[Date "2020.09.18"]
[Round "1"]
[White "Decraene, Jade"]
[Black "Shuqja, Klean"]
[Result "0-1"]
[WhiteElo "1222"]
[BlackElo "1566"]
[PlyCount "80"]
[EventDate "2020.09.18"]
[EventType "swiss (rapid)"]
[EventRounds "9"]
[EventCountry "NET"]
[SourceTitle "EXT 2023"]
[Source "ChessBase"]
[SourceDate "2022.10.05"]
[SourceVersion "1"]
[SourceVersionDate "2022.10.05"]
[SourceQuality "1"]
[WhiteTeam "Belgien"]
[BlackTeam "Albania"]
[WhiteTeamCountry "BEL"]
[BlackTeamCountry "ALB"]

1. e4 e6 2. d4 d5 3. e5 b6 4. Nf3 Qd7 5. Nc3 Ba6 6. Nd2 Bb4 7. Bxa6 Nxa6 8. 0-0 Ne7 9. Nf3 Bxc3 10. bxc3 c6 11. Rb1 Nc7 12. Qd3 Ng6 13. h3 h6 14. Be3 0-0 15. a4 Rab8 16. h4 Rfd8 17. h5 Nf8 18. Kh2 Qe7 19. Rh1 c5 20. Kg1 c4 21. Qd2 Nh7 22. Rh3 Kh8 23. g4 b5 24. a5 Na6 25. g5 Nxg5 26. Nxg5 hxg5 27. Bxg5 f6 28. exf6 gxf6 29. Bh6 Rg8+ 30. Kf1 Nc7 31. Bf4 e5 32. dxe5 fxe5 33. Bh6 a6 34. Re1 Rbe8 35. Bf4 Qf6 36. Rg3 exf4 37. Rg6 Rxe1+ 38. Qxe1 Rxg6 39. Qe3 fxe3 40. hxg6 Qxf2# 0-1